Dream academy full names! (Katseye) - Statistics

General Stats
  • This quiz has been taken 45 times
    37 since last reset
  • The average score is 10 of 31
Answer Stats
Answer % Correct
First last name of Daniela Avanzini
88%
Last name of Lara Rajagolapan
88%
Second last name of Sophia Laforteza
84%
First name of Manon Meret
84%
Second last name of Manon Bannerman
72%
Last name of Megan Skiendiel
63%
Last name of Yoonchae Jeung
63%
Second name of Sophia Elizabeth
59%
Second name of Megan Meiyok
56%
Second name of Daniela Andrea
53%
First last name of Sophia Guevara
50%
Second last name of Daniela Llorente
44%
Last name of Adéla Jergová
34%
First last name of Manon Sarpong
34%
Last name of Ezrela Abraham
19%
Last name of Emily Kelavos
19%
Last Name of Lexie Levin
19%
Last name of Marquise Auramornrat
16%
Last name of Celeste Díaz
16%
First last name of Samara Siqueira
16%
Last name of Karlee Tanaka
16%
Last name of Nayoung Lee
9%
Last name of Iliya Fedartsova
6%
Last name of Hinari Irie
6%
Real name of Marquise Jadenipit
6%
Last name of UA Shimada
6%
Second name of Emily Ann
3%
Last name of Mei Terada
3%
Second last name of Samara Cunha
0%
Second name of Samara Henriques
0%
Last name of Brooklyn Van Zadnt
0%
No matching quizzes found
Score Distribution
Percent of People with Each Score
Percentile by Number Answered
Your Score History
You have not taken this quiz since the last reset